Bekannte historische Personen nach Bildern #2 - Statistiken

Allgemein
  • Dieses Quiz wurde 700 mal gespielt
  • Das Durchschnittsergebnis liegt bei 8 aus 16
Antwortstatistiken
Bildquiz Antwort % Korrekt
Muhammad Ali
93%
Abraham Lincoln
88%
Otto von Bismarck
85%
Charlie Chaplin
82%
Mahatma Gandhi
82%
Mao Zedong
72%
Wladimir Iljitsch Lenin
65%
Willy Brandt
58%
Christoph Kolumbus
46%
Saddam Hussein
45%
Franklin D. Roosevelt
36%
Charles de Gaulle
27%
Friedrich Schiller
24%
Mustafa Kemal Atatürk
15%
James Cook
11%
Johannes Gutenberg
10%
Keine übereinstimmenden Quizze gefunden
Verteilung der Resultate
Anzahl Personen mit jedem Resultat
Perzentil nach korrekt beantworteten Fragen
Ihre Resultats-Entwicklung
Sie haben dieses Quiz noch nicht gespielt